The G.O.A.T.s of Gymnastics - Statistics

General Stats
  • This quiz has been taken 174 times
  • The average score is 2 of 7
Answer Stats
Answer % Correct
Simone Biles
98%
Nadia Comaneci
70%
Larisa Latynina
28%
Vera Caslavska
17%
Sawao Kato
3%
Boris Shakhlin
1%
George Eyser
1%
No matching quizzes found
Score Distribution
Percent of People with Each Score
Percentile by Number Answered
Your Score History
You have not taken this quiz